| 000 | 00414nam a2200121Ia 4500 | ||
|---|---|---|---|
| 008 | 250110s9999 xx 000 0 und d | ||
| 041 | _aeng | ||
| 100 |
_aGhuge Sonali _9182657 |
||
| 245 | _aComparing Carbon Footprint Of Sewage Treatment Systems In Township : Sludge Return Bio Reactor System ..... | ||
| 260 |
_bM.Arch Environmental, Pune _c2014 |
||
| 300 | _a119p | ||
| 700 |
_aGuide Name:Kulkarni Prajakta _9210332 |
||
| 999 |
_c363524 _d363524 |
||